00709nam a2200265Ia 450000500170000000800460001702000180006303700100008104000080009104000080009904000080010704100080011504100080012308400080013110000330013924500510017226000230022326000090024636500050025536500080026085600530026894200100032199900210033195200910035220260324141347.0008 260324s9999 xx 000 0 eng d a9780203979174 aEBOOK aCRL beng cCRL 2eng aeng qCRL aChristopher Daniell91166026 0aDeath and Burial in Medieval England 1066-1550 bTaylor and Francis c1997 a b230 uhttp://www.taylorfrancis.com/books/9780203979174 cEBOOK c1810909d1810909 00104070aCRLbCRLd2026-03-24l0pCL2093069r2026-03-24 14:13:47w2026-03-24yEBOOK